Normal view
MARC view
- Rehman, Shafeequr
Entry Personal Name
001 - CONTROL NUMBER
- control field: 109482
003 - CONTROL NUMBER IDENTIFIER
- control field: NUST
005 - DATE AND TIME OF LATEST TRANSACTION
- control field: 20230222125942.0
008 - FIXED-LENGTH DATA ELEMENTS
- fixed length control field: 230222|| aca||aabn | a|a d
040 ## - CATALOGING SOURCE
- Original cataloging agency: NUST
- Transcribing agency: NUST
100 ## - HEADING--PERSONAL NAME
- Personal name: Rehman, Shafeequr
670 ## - SOURCE DATA FOUND
- Source citation: Work cat.: (NUST)182763: Rehman, Shafeequr, Namaz-E- Nabvi Sahih Ahadees Ki Roshni Mein / نماز نبوی صحیح احادیث کی روشنی میں (Urdu) /
